| 000 | 00524nam a2200193Ia 4500 | ||
|---|---|---|---|
| 008 | 170918s9999 xx 000 0 und d | ||
| 020 | _a883967499 | ||
| 050 | _bM875ke 2003 | ||
| 100 | _aMorris, Gary | ||
| 245 | _aKeep Christmas in your heart : | ||
| 245 | _ba collection of writings in celebration of the Holiday Season / | ||
| 245 | _cedited by Gary Morris. | ||
| 260 | _aColorado : | ||
| 260 | _bBlue Mountain Press, | ||
| 260 | _c2003 | ||
| 300 | _aunpaged : | ||
| 300 | _billustrations ; | ||
| 300 | _c17cm. | ||
| 999 |
_c343745 _d343745 |
||